000 00434cam a2200169ua 4500
020 _c900.00
041 _aeng
_h
082 _a581.4
_bGAM/FL
100 _aGamble, J S .
245 _aFlora of the presidency of Madras, Part 4 /
_cJ S Gamble.
_hTextual Documents
260 _a :
_bBishen Singh Mahendra Pal Singh ,
_c1993.
300 _a1346 ; .
365 _a900.00
504 _a
942 _cBK
999 _c7446
_d7446